<?xml version="1.0" encoding="UTF-8"?>
<record
    xmlns:xsi="http://www.w3.org/2001/XMLSchema-instance"
    xsi:schemaLocation="http://www.loc.gov/MARC21/slim http://www.loc.gov/standards/marcxml/schema/MARC21slim.xsd"
    xmlns="http://www.loc.gov/MARC21/slim">

  <leader>01486nab a2200277   4500</leader>
  <controlfield tag="003">AR-RoBPED</controlfield>
  <controlfield tag="005">20260410110844.0</controlfield>
  <controlfield tag="008">260410b        |||||||| |||| 00| 0 spa d</controlfield>
  <datafield tag="040" ind1=" " ind2=" ">
    <subfield code="a">AR-RoBPED</subfield>
  </datafield>
  <datafield tag="041" ind1=" " ind2=" ">
    <subfield code="a">spa</subfield>
  </datafield>
  <datafield tag="100" ind1="1" ind2=" ">
    <subfield code="a">Porta de Bressan, Ana Mar&#xED;a</subfield>
    <subfield code="9">30738</subfield>
    <subfield code="e">Profesora de Matem&#xE1;tica. Investigadora y autora de dise&#xF1;os curriculares de Matem&#xE1;tica</subfield>
  </datafield>
  <datafield tag="245" ind1="1" ind2="3">
    <subfield code="a">El modelo did&#xE1;ctico del iceberg: la importancia de invertir en flotabilidad /</subfield>
  </datafield>
  <datafield tag="260" ind1=" " ind2=" ">
    <subfield code="a">Buenos Aires :</subfield>
    <subfield code="b">Noveduc,</subfield>
    <subfield code="c">2025</subfield>
  </datafield>
  <datafield tag="300" ind1=" " ind2=" ">
    <subfield code="a">18-23 p.</subfield>
  </datafield>
  <datafield tag="500" ind1=" " ind2=" ">
    <subfield code="a">En este art&#xED;culo, las autoras describen c&#xF3;mo el "modelo del iceberg", desarrollado por el personal del Instituto Freudenthal para docentes de los Pa&#xED;ses Bajos, fue utilizado para la ense&#xF1;anza de la multiplicaci&#xF3;n de un curso de futuros docentes en el Instituto de Formaci&#xF3;n Docente Continua (IFDC) de San Carlos de Bariloche.</subfield>
  </datafield>
  <datafield tag="650" ind1=" " ind2="7">
    <subfield code="a">FORMACION DE DOCENTES</subfield>
    <subfield code="9">1259</subfield>
  </datafield>
  <datafield tag="650" ind1=" " ind2="7">
    <subfield code="a">EJERCICIOS DE MATEMATICA</subfield>
    <subfield code="9">14343</subfield>
  </datafield>
  <datafield tag="650" ind1=" " ind2="7">
    <subfield code="a">ARITMETICA</subfield>
    <subfield code="9">1615</subfield>
  </datafield>
  <datafield tag="650" ind1=" " ind2="7">
    <subfield code="a">DIDACTICA</subfield>
    <subfield code="9">167</subfield>
  </datafield>
  <datafield tag="650" ind1=" " ind2="7">
    <subfield code="a">EXPERIENCIAS EDUCACIONALES</subfield>
    <subfield code="9">18339</subfield>
  </datafield>
  <datafield tag="650" ind1=" " ind2="7">
    <subfield code="a">MATEMATICAS</subfield>
    <subfield code="9">454</subfield>
  </datafield>
  <datafield tag="700" ind1="1" ind2=" ">
    <subfield code="a">P&#xE9;rez, Silvia G.</subfield>
    <subfield code="9">30739</subfield>
    <subfield code="e">Profesora en Ense&#xF1;anza Primaria y especialista docente de Nivel Superior en Ense&#xF1;anza de la Matem&#xE1;tica en Escuela Primaria</subfield>
  </datafield>
  <datafield tag="773" ind1="0" ind2=" ">
    <subfield code="0">20414</subfield>
    <subfield code="9">41869</subfield>
    <subfield code="d">Buenos Aires :  Noveduc,  1993-</subfield>
    <subfield code="t">Novedades Educativas</subfield>
    <subfield code="w">(AR-RoBPED)20414</subfield>
    <subfield code="x">03283534</subfield>
  </datafield>
  <datafield tag="942" ind1=" " ind2=" ">
    <subfield code="2">udc</subfield>
    <subfield code="c">REV</subfield>
    <subfield code="h">37(05)</subfield>
    <subfield code="m">Nov 86 N&#xB0; 401 (Abril.2025)</subfield>
    <subfield code="a">k.32547</subfield>
  </datafield>
  <datafield tag="945" ind1=" " ind2=" ">
    <subfield code="a">mar 04/2026</subfield>
  </datafield>
  <datafield tag="999" ind1=" " ind2=" ">
    <subfield code="c">32547</subfield>
    <subfield code="d">32547</subfield>
  </datafield>
</record>
